Bratrstvo černé dýky. Dvacátý první díl románového cyklu, Lassiter /
Další pokračování eroticky laděné fantasy paranormální romance Bratrstvo černé dýky. Osud, povinnost a touha se střetnou...
Uloženo v:
| Série: | Bratrstvo černé dýky,
část 21 |
|---|---|
| Hlavní autor: | |
| Další autoři: | |
| Médium: | E-kniha |
| Jazyk: | Czech |
| Vydáno: |
V Praze :
Baronet,
2024
|
| Vydání: | 1. vydání |
| Témata: | |
| Příbuzné jednotky: | Z cyklu::
Bratrstvo černé dýky |
| Tagy: |
Žádné tagy |
| LEADER | 02718nam a2200457 i 4500 | ||
|---|---|---|---|
| 001 | 312340 | ||
| 003 | CZ PrSKC | ||
| 005 | 20260601215721.0 | ||
| 007 | ta | ||
| 008 | 240328s2024 xr g 000 f cze | ||
| 015 | |a cnb003597475 | ||
| 020 | |a 9788026923015 |q (vázáno) | ||
| 035 | |a (OCoLC)1438777305 | ||
| 040 | |a ABG001 |b cze |e rda | ||
| 041 | 1 | |a cze |h eng | |
| 072 | 7 | |a 821.111(73)-3 |x Americká próza |2 Konspekt | |
| 080 | |a 821.111(73)-31 |2 MRF | ||
| 080 | |a (0:82-312.9) |2 MRF | ||
| 100 | 1 | |a Ward, J. R., |d 1969- |7 xx0115311 |4 aut | |
| 240 | 1 | 0 | |a Lassiter. |l Česky |
| 245 | 1 | 0 | |a Bratrstvo černé dýky. |n Dvacátý první díl románového cyklu, |p Lassiter / |c J.R. Ward ; z anglického originálu Lassiter ... přeložila Jana Pacnerová |
| 246 | 3 | 0 | |a Lassiter |
| 250 | |a 1. vydání | ||
| 264 | 1 | |a V Praze : |b Baronet, |c 2024 | |
| 300 | |a 460 stran ; |c 21 cm | ||
| 336 | |a text |b txt |2 rdacontent | ||
| 337 | |a bez média |b n |2 rdamedia | ||
| 338 | |a svazek |b nc |2 rdacarrier | ||
| 520 | 2 | |a Další pokračování eroticky laděné fantasy paranormální romance Bratrstvo černé dýky. Osud, povinnost a touha se střetnou... |b Lassiter je až příliš dobrý ve své nové roli, kdy dohlíží na osudy všech upírů - a tak ho Stvořitel volá domů. Ale on má důvod, proč chce zůstat v Caldwellu. Je spoután s ženou, která jakoby se objevila odnikud a má neuvěřitelné schopnosti. Rahvyn si je vědoma, že nepatří do současnosti. A nikdy nechtěla zůstat, její místo je v minulosti. Lassiter je však neodolatelný a ona se do něj zamiluje - dokud nevyjde najevo tajemství, které skrýval, a ona se začne bát, že pro něj nejde o lásku, ale o povinnost. Rahvyn se musí rozhodnout, zda zůstane a pomůže Bratrstvu, nebo se zachrání před nesmrtelným zlomeným srdcem, o němž ví, že ji zničí... Nakladatelská anotace. | |
| 655 | 7 | |a americké romány |7 fd131796 |2 czenas | |
| 655 | 7 | |a fantasy romány |7 fd184199 |2 czenas | |
| 655 | 9 | |a American fiction |2 eczenas | |
| 655 | 9 | |a fantasy novels |2 eczenas | |
| 700 | 1 | |a Pacnerová, Jana, |d 1955- |7 jn20000810168 |4 trl | |
| 787 | 0 | 8 | |i Z cyklu: |t Bratrstvo černé dýky |g 21 |
| 900 | |a ABA001 |b 21 | ||
| 928 | 9 | |a Albatros Media - Baronet | |
| 044 | |a xr | ||
| 910 | |a RBIT002 | ||
| 998 | |d 401655 |a https://core.palmknihy.cz/api/books/401655/cover?sgy90y |b https://core.palmknihy.cz/api/books/401655/cover/400?sgy90y |c https://core.palmknihy.cz/api/books/401655/cover/50?sgy90y |e 2029-01-04 |g 464 |i 9788026923015 |j https://core.palmknihy.cz/api/books/401655/preview.epub |k https://core.palmknihy.cz/api/books/401655/preview.pdf |l |q 49 |r 1 |s https://www.palmknihy.cz/kniha/401655 |t ebook |y 2024 |z 0 |v Bratrstvo černé dýky |w 21 | ||
| 999 | |d 312338 | ||